Top 5 mistrzów Szwecji - Statystyki

Ogólne statystyki
  • Ten quiz został rozwiązany 170 razy
  • Średni wynik to 2 z 6
Statystyki odpowiedzi
Ilość tytułów Klub % Poprawnych
23 Malmö FF
98%
18 IFK Göteborg
58%
12 AIK Solna
30%
12 Djurgardens IF
17%
13 IFK Norrköping
9%
14 Örgryte IS
2%
Nie znaleziono quizów pasujących do podanych kryteriów
Rozkład punktacji
Procent ludzi z każdym wynikiem
Percentyl według liczby udzielonych odpowiedzi
Twoja historia wyników
Nie rozwiązałeś tego quizu